01634nam a2200469 i 450000100060000000300090000600500170001500800390003201500190007102000150009003500230010503500360012803500140016403500210017803500230019903500440022204000340026604600090030008000170030908000120032610000400033824501010037826000690047930000410054833600270058933700540061633800280067038000160069838000270071438500390074138800140078038800140079450400240080865000210083265000240085365500350087765800280091270000260094070000460096671000540101285600980106645093KOSZ 00520210115130241.0980702s1996 pl a f |000 0 pol aUWD 1996/17382 a8386569786 a991004477219705066 a(PL-WaBN)b1118159x-48omnis_nlop ab1118159x a(OCoLC)749722077 a(PL)b0000001118159 a(EXLNZ-48OMNIS_NETWORK)9910195302905606 aWA NcWA NdWA NdKOSZ 005/HR k1996 a663.1.01/.09 a(075.8)1 aBałdyga, Jerzyd(1950-2019)eAutor10aObliczenia w inżynierii bioreaktorów /cJerzy Bałdyga, Marek Henczka, Wioletta Podgórska. aWarszawa :bOficyna Wydawnicza Politechniki Warszawskiej,c1996. a198, [2] s. :brys., wykr. ;c24 cm. aTekstbtxt2rdacontent aBez urządzenia pośredniczącegobn2rdamedia aWoluminbnc2rdacarrier aKsiążki aPublikacje dydaktyczne mPoziom nauczaniaaSzkoły wyższe a1901-2000 a1989-2000 aBibliogr. s. [200]. 7aBioreaktory2DBN 7aModele matematyczne 7aPodręczniki akademickie2DBN aInżynieria i technika1 aHenczka, MarekeAutor1 aPodgórska, Wiolettad(1963-2019)eAutor2 aOficyna Wydawnicza Politechniki Warszawskiej4pbl uhttp://koha.tu.koszalin.pl/cgi-bin/koha/opac-detail.pl?biblionumber=45093yKatalog online BPK